2026 NASCAR Drivers 2 - Statistics

General Stats
  • This quiz has been taken 16 times
  • The average score is 16 of 42
Answer Stats
# Team MFR Driver % Correct
77 Spire Chevrolet Carson Hocevar
71%
38 Front Row Ford Chandler Smith
64%
25 Kaulig Ram Tony Stewart
64%
10 Kaulig Ram Daniel Dye
57%
16 Kaulig Ram Justin Haley
57%
11 Tricon Toyota Kaden Honeycutt
57%
7 Spire Chevrolet Kyle Busch
57%
34 Front Row Toyota Layne Riggs
57%
45 Niece Chevrolet Ross Chastain / Ricky Stenhouse Jr / Landen Lewis
57%
52 Halmar Friesen Toyota Stewart Friesen
57%
93 Costner Chevrolet Caleb Costner
50%
33 Reaume Ford Frankie Muniz
50%
14 Kaulig Ram Timothy Tyrrell
50%
12 Kaulig Ram Brenden Queen
43%
91 McAnally Hilgemann Chevrolet Christian Eckes
43%
4 Niece Chevrolet Cleetus McFarland / Garrett Mitchell
43%
1 Tricon Toyota Corey Heim
43%
98 Thorsport Ford Jake Garcia
43%
62 Halmar Friesen Toyota Jessica Friesen
43%
18 McAnally Hilgemann Chevrolet Tyler Ankrum
43%
88 Thorsport Ford Ty Majeski
43%
99 Thorsport Ford Ben Rhodes
36%
19 McAnally Hilgemann Chevrolet Daniel Hemric
36%
9 CR7 Chevrolet Grant Enfinger
36%
81 McAnally Hilgemann Chevrolet Kris Wright
36%
95 GK Chevrolet Clay Greenfield
29%
2 Reaume Ford Clayton Green
29%
22 Reamue Ford Josh Reaume
29%
90 Terry Carroll Chevrolet Justin Carroll
29%
15 Tricon Toyota Tanner Gray
29%
5 Tricon Toyota Adam Andretti
21%
13 Thorsport Ford Cole Butcher
21%
26 Rackley WAR Chevrolet Dawson Sutton
21%
76 Freedom Racing Chevrolet Spencer Boyd
21%
44 Niece Chevrolet Andres Perez
14%
17 Tricon Toyota Gio Ruggerio
14%
97 CR7 Chevrolet Jason Kitzmiller
14%
42 Niece Chevrolet Travis Pastrana
14%
2 Reaume Ford Jason White
7%
5 Tricon Toyota Nick Leitz
7%
42 Niece Chevrolet Tyler Reif
7%
69 MBM Ford Tyler Tomassi
7%
No matching quizzes found
Score Distribution
Percent of People with Each Score
Percentile by Number Answered
Your Score History
You have not taken this quiz